| 000 | 01403cam a2200337 a 4500 | ||
|---|---|---|---|
| 999 |
_c2504 _d2504 |
||
| 001 | 14673828 | ||
| 003 | GZU | ||
| 005 | 20201102161107.0 | ||
| 008 | 061216s2007 caua b 001 0 eng | ||
| 010 | _a 2006940530 | ||
| 020 | _a9780495603580 | ||
| 040 |
_aDLC _cDLC _dDLC |
||
| 043 | _an-us--- | ||
| 050 | 0 | 0 |
_aHQ10 _bKNO 2008 |
| 100 | 1 |
_aKnox, David, _d1943- |
|
| 245 | 1 | 0 |
_aChoices in relationships : _ban introduction to marriage and the family / _cDavid Knox and Caroline Schacht. |
| 250 | _a9th ed. | ||
| 260 |
_aBelmont, CA : _bThomson Wadsworth, _cc2008 |
||
| 300 |
_axxvi, 606 p. : _bcol. ill. ; _c29 cm. |
||
| 500 | _aIncludes passcode for Infotrac college edition. | ||
| 504 | _aIncludes bibliographical references (552-557) and index. | ||
| 650 | 0 | _aFamily life education. | |
| 650 | 0 |
_aMarriage _zUnited States. |
|
| 700 | 1 | _aSchacht, Caroline. | |
| 856 | 4 | 2 |
_3Publisher description _uhttp://www.loc.gov/catdir/enhancements/fy1215/2006940530-d.html |
| 856 | 4 | 1 |
_3Table of contents only _uhttp://www.loc.gov/catdir/enhancements/fy1215/2006940530-t.html |
| 856 | 4 | 2 |
_3Contributor biographical information _uhttp://www.loc.gov/catdir/enhancements/fy1302/2006940530-b.html |
| 906 |
_a7 _bcbc _corigcop _d3 _eepcn _f20 _gy-gencatlg |
||
| 942 |
_2lcc _cBK _e9th _h10 _iKNO _kHQ |
||